| 000 | 00748cab a2200217 4500 | ||
|---|---|---|---|
| 001 | ABS41592 | ||
| 008 | 090401t1989 xxu||||| |||| 00| 0 eng d | ||
| 035 | _a(Sirsi) u31074 | ||
| 041 | _aeng | ||
| 100 | _aMcIntosh, A. | ||
| 245 | _aIndexation and forecasting of values | ||
| 260 | _c1989 | ||
| 350 | _a0 | ||
| 490 |
_aEstates Gazette _v(8939) 30 September 1989, 22-76(3) |
||
| 520 | _aSummarises the results of research into the indexation of office development land values over the last ten years. Comparisons are made between the City of London , Birmingham and national trends. Illustrates with graphs. | ||
| 650 | _aFORECAST | ||
| 690 | _aPROPERTY LAW AND PRACTICE | ||
| 700 | _aHutchings, D. | ||
| 942 | _n0 | ||
| 948 | _c04/03/1997 | ||
| 999 |
_c20885 _d20885 |
||